000 00931nam a2200229 a 4500
001 64282
003 BD-RjUL
005 20211209081305.0
008 170213s1998 ii ||||| |||| 00| 0 ben d
020 _c: IRs.40.00
035 _a(BD-RjUL)64412
040 _aBD-RjUL
_bben
_cBD-RjUL
_dBD-RjUL
041 _aben
082 _223
_a891.44209
_bGHN 1998
100 _aঘোষ, জগন্নাথ
_9118284
245 1 0 _aনাট্যশিল্পী বুদ্ধদেব বসু :
_b[পরিচিতিঃ ড. অমলেন্দু বসু] /
_cজগন্নাথ ঘোষ
260 _aকলকাতা :
_bকরুনা প্রকাশনী,
_c১৯৯৮
300 _a১০১ পৃ. ;
_c২৩ সেমি.
650 _aবাংলা নাটক
_vইতিহাস ও সমালোচনা
_9117445
650 _aBengali Drama
_vHistory and Criticism
_9146528
942 _2ddc
_cBK
_02
999 _c64282
_d64282